Biblioteca y Centro de Documentación

Las medidas legales de conciliación de la vida personal, familiar y laboral de los trabajadores (Registro nro. 46982)

Detalles MARC
000 -CABECERA
Longitud fija campo de control 01200naa a2200301 c 4500
001 - NÚMERO DE CONTROL
Número de control 46982
003 - IDENTIFICADOR DE NÚMERO DE CONTROL
Identificador del número de control ES-MaCES
005 - FECHA Y HORA DE LA ÚLTIMA TRANSACCIÓN
Fecha y hora de la última transacción 20160119103901.0
008 - CAMPO FIJO DE DESCRIPCIÓN FIJA--INFORMACIÓN GENERAL
Códigos de información de longitud fija   160118s2015 sp ||||| t||||||| ||spa d
040 ## - FUENTE DE CATALOGACIÓN
Centro catalogador de origen ES-MaCES
Lengua de catalogación spa
Centro transcriptor ES-MaCES
Centro modificado ES-MaCES
100 1# - ENCABEZAMIENTO PRINCIPAL--NOMBRE PERSONAL
9 (RLIN) 22614
Nombre de persona Roqueta Buj, Remedios
245 14 - MENCIÓN DE TÍTULO
Título Las medidas legales de conciliación de la vida personal, familiar y laboral de los trabajadores
Mención de responsabilidad, etc. Remedios Roqueta Buj
650 #4 - ASIENTO SECUNDARIO DE MATERIA--TÉRMINO DE MATERIA
9 (RLIN) 27303
Término de materia o nombre geográfico como elemento inicial conciliación
650 #4 - ASIENTO SECUNDARIO DE MATERIA--TÉRMINO DE MATERIA
9 (RLIN) 27318
Término de materia o nombre geográfico como elemento inicial familia
650 #4 - ASIENTO SECUNDARIO DE MATERIA--TÉRMINO DE MATERIA
9 (RLIN) 30598
Término de materia o nombre geográfico como elemento inicial responsabilidades familiares
650 #4 - ASIENTO SECUNDARIO DE MATERIA--TÉRMINO DE MATERIA
9 (RLIN) 28327
Término de materia o nombre geográfico como elemento inicial condiciones de trabajo
650 #4 - ASIENTO SECUNDARIO DE MATERIA--TÉRMINO DE MATERIA
9 (RLIN) 29205
Término de materia o nombre geográfico como elemento inicial ordenamiento del tiempo de trabajo
650 #4 - ASIENTO SECUNDARIO DE MATERIA--TÉRMINO DE MATERIA
9 (RLIN) 29565
Término de materia o nombre geográfico como elemento inicial trabajadora madre de familia
650 #4 - ASIENTO SECUNDARIO DE MATERIA--TÉRMINO DE MATERIA
9 (RLIN) 29512
Término de materia o nombre geográfico como elemento inicial maternidad
650 #4 - ASIENTO SECUNDARIO DE MATERIA--TÉRMINO DE MATERIA
9 (RLIN) 29504
Término de materia o nombre geográfico como elemento inicial lactancia
650 #4 - ASIENTO SECUNDARIO DE MATERIA--TÉRMINO DE MATERIA
9 (RLIN) 30651
Término de materia o nombre geográfico como elemento inicial cuidado no profesional
650 #4 - ASIENTO SECUNDARIO DE MATERIA--TÉRMINO DE MATERIA
9 (RLIN) 27038
Término de materia o nombre geográfico como elemento inicial prestaciones familiares
650 #4 - ASIENTO SECUNDARIO DE MATERIA--TÉRMINO DE MATERIA
9 (RLIN) 27166
Término de materia o nombre geográfico como elemento inicial legislación del trabajo
653 10 - TÉRMINO DE INDEXACIÓN--NO CONTROLADO
Término no controlado Derecho del trabajo y Seguridad Social
773 0# - ENTRADA DE DOCUMENTO FUENTE
Itemnumber del ítem fuente 83792
Lugar, editor y fecha de publicación Madrid Delta [2015]
Otro identificador del documento 086694
Título Conciliación de la vida laboral y familiar y crisis económica
Número de control del registro relacionado (ES-MaCES)46781
Número Internacional Normalizado para Libros (ISBN) 9788416383115
Parte(s) relacionada(s) p.27-42 . - SR-6.0.1.-804
902 ## - CES. TIPO DE DOCUMENTO
Tipodoc (006$c Sirtex) ARL Artículo de libro
942 ## - ELEMENTOS KOHA
Fuente de clasificaión o esquema Clasificación propia del CES
Koha [por defecto] tipo de item Artículos (1982-2017)
Parte de clasificación Derecho del Trabajo y Seguridad Social

No hay ítems disponibles.

© CES, Consejo Económico y Social de España 2021